| 000 | 00583cam a2200205ua 4500 | ||
|---|---|---|---|
| 001 | 11572 | ||
| 005 | 20260515114753.0 | ||
| 008 | 191010n ii |||gr||||Z||||||eng | ||
| 020 | _a9789382252801 | ||
| 040 | _cMAIN | ||
| 082 | _a306.03 | ||
| 100 |
_aRomesh T.kunba . , _eAuthor. |
||
| 245 |
_aEnclyclopaedia of culture : _bculture and society on NorthEast India / _cBy Romesh T.kunba . |
||
| 250 |
_a1st ed / _bVol.4. |
||
| 260 |
_aNew Delhi: _bPacific books international, _c2017. |
||
| 300 | _a280p. | ||
| 653 | _aCulture & institutions | ||
| 653 | _aCulture | ||
| 942 | _cBK | ||
| 999 |
_c10379 _d10379 |
||